MDQL
is popping MORE tags! Check the
thread
!
Quizzes
Events
Quiz Creation
Community
Videos
Private Events
Remove Ads
Sign In
Join for FREE
Feedback
Dark Mode
Quiz Categories
Sports
Geography
Music
Movies
Television
Just For Fun
Miscellaneous
History
Literature
Language
Science
Gaming
Entertainment
Religion
Holiday
For Kids
Quiz Lab
Recent
Popular Today
Quiz Kudos Today
Editor Picks
Curator Picks
Quizzes by...
Day
Popularity
Type
Ratings
Length
Year
Community
Subscriptions
Recent Discussions
Orange Saloon
Badges
Playlists
Quests
Create
Leaderboards
Showdown
Live 5
Trivia Bingo
Activity
Puzzle Library
Sporcle Events
Private Events
Virtual Trivia
Globe League
Become a Host
Pub Owners
SporcleCon
Opinionation
Our Games
Videos
Blog
Mobile Apps
Partnerships
Remove Ads and Go Orange
Feedback
Science
Computer
Plants
Astronomy
Chemistry
Elements
Math
Animal
Physics
Anatomy
Biology
Geology
General Science
Science
Computer
Plants
Astronomy
Chemistry
Elements
Math
Animal
Physics
Anatomy
Biology
Geology
General Science
Random Quiz
Search Sporcle
×
Quiz Lab
Quiz Lab
Science
Type answers that appear on an image
Type answers that appear on an image
Map
Best Score? Go Orange.
Brainstem at Trochlear Stats
Can you name the Brainstem at Trochlear?
By
arayosokan
10m
10 Questions
21 Plays
21 Plays
21 Plays
Comments
Comments
Give Quiz Kudos
Give Quiz Kudos
-
- Ratings
hide this ad
Forced Order
Answers have to be entered in order
Answers have to be entered in order
Replay
Link that replays current quiz
Next Quiz
Link to next quiz in quiz playlist
You Got
0%
They Got
Avg Score
63%
Avg Friend Score
Upgrade to see
Score Distribution
Jump to the score distribution portion of the page
Score
0/10
Timer
10:00
0
Plays Today
% Correct
???
71.4%
???
66.7%
???
66.7%
???
66.7%
???
61.9%
???
61.9%
???
61.9%
???
61.9%
???
57.1%
???
57.1%
Quiz Playlist
Details
Report
Send in Message
Add To Playlist
Map:
Type answers that appear on an image
Forced Order:
Answers have to be entered in order
Last Updated: Feb 25, 2017
Quiz Scoreboard
CHALLENGE
Sign Up to Join the Scoreboard
Show All
Scores
Hide
Comments
May contain spoilers
Recently Published
Colored Red Africa Blitz
by spor1
Geography
30s
Find the 'City' Movie
by crazypaving
Movies
60s
5x2 Blitz: Bands
by SL_Kpop136
Music
30s
More to Explore
Quiz From the Vault
Featured Blog Post
14 Easter Pick-up Lines to Find Eggs With
hide this ad
You Might Also Like...
Tags
This quiz does not have any tags.
Today's Top Quizzes in Science
Browse Science
hide this ad
Top Contributed Quizzes in Science
1
Windmill: Elements
2
Glycolysis
3
Square Numbers Scrambled (1-50)
4
17 TIMES TABLE
5
Elements In Images
6
Astronomy Spelling Bee
7
The First 100 Digits of Pi
8
3-letter Elementary Words
9
'C' Flowers II
10
Multiplication 12-19
Explore More
Trending Topics
Harry Potter
Marvel
NBA
Disney
Kpop
Anime
Crossword
NFL
Pokémon
The Office
Song
Puzzle
Country
Soccer
WWE
hide this ad
More By:
arayosokan
Quiz
Plays
Rating
Category
Featured
Created
Brainstem at Trochlear
21
Science
Feb 25, 2017
Brainstem at Vagus Nerve
19
Science
Feb 24, 2017
Brainstem at Facial Nerve
17
Science
Feb 24, 2017
Brainstem at Trigeminal
15
Science
Feb 24, 2017
Brainstem at Oculomotor
15
Science
Feb 25, 2017
Go to Creator's Profile
Score Distribution
Quiz Creator Spotlight
arayosokan
Follow
Send a Message
Quizzes Created
-
Created Quiz Play Count
-
More By This Creator
Popular Quizzes Today
1
Colored Red Africa Blitz
2
Find the US States - No Outlines Minefield
3
Find the 'City' Movie
4
5x2 Blitz: Bands
5
The Countries of the World
6
Find the US States
7
Find the Countries of Europe - No Outlines Minefield
8
US States
More Science Quizzes
► Animals - Scorpions
Quiz Lab
Trending Quizzes
Colored Red Europe Blitz I
Colored Red Europe Blitz II
Colored Red Africa Blitz II
Colored Red Europe Blitz III
Colored Red Africa Blitz III
Recently Updated
How Do You Spell That?
pecheneg
Godzilla Movies
pecheneg
Grab Bag: 4-10 Letters
pecheneg
2024 March Madness Bracket
pecheneg
Famous TV Couples
Peacemaker
Champions League XIs: Real Madrid
pecheneg
Largest US Cities 1790-2010
pecheneg
Rides in Walt Disney World
pecheneg
Most Oscar Losses (Acting)
pecheneg
Beyoncé Albums
pecheneg
Trending Topics
Anime
Kpop
Marvel
Crossword
Harry Potter
Disney
NBA
Soccer
NFL
The Office
Country
Puzzle
WWE
Song
Pokémon
Your Account Isn't Verified!
In order to create a playlist on Sporcle, you need to verify the email address you used during registration. Go to your
Sporcle Settings
to finish the process.
Report this User
Report this user for behavior that violates our
Community Guidelines
.
Details:
Send Report
Go to the Sporcle.com Mobile Site →
Comments